Personnages de Fictions en Images (de A à Z) - Statistiques

Statistiques générales
  • Ce quiz a été pris 433 fois
  • Le résultat moyen est 15 sur 26
Statistiques - réponses
Par images Hint Réponse % Correct
B Batman
99%
P (Nom de Famille) Harry Potter
94%
O Obélix
94%
Z Zorro
92%
K King Kong
89%
S Stitch
89%
M Mr Bean
84%
Y Yakari
83%
T Terminator
79%
V Vegeta
78%
H Heidi
77%
W Walter White
69%
F Fantômas
67%
R Rantanplan
65%
U Ulysse 31
53%
G George de la Jungle
43%
D Daryl Dixon
41%
I Iznogoud
33%
Q Qui-Gon Jinn
31%
L Leeloo
28%
C Cobra
22%
N Nono, le Petit Robot
22%
J (Prénom ou Surnom John Kramer (Jigsaw)
20%
A Actarus
15%
E Echo
8%
X X-Or
8%
Aucun quiz correspondant
Distribution des résultats
% des personnes avec chaque résultat
Percentile par nombre de réponses
Votre historique - résultats
Vous n’avez pas pris ce quiz